Представление документа в формате MARC21

Поле Инд. ПП Название Значение
Тип записи a
Библиографический уровень m
001 Контрольный номер f4ba3f95-f6ad-40f5-a756-c2bcd5109993
005 Дата корректировки 20140226160911.9
008 Кодируемые данные 010515 d
020 a ISBN 5-289-00743-1
c Цена, тираж 0.65
040 a Служба первич. каталог. RU-RKP
040 a Служба первич. каталог. НБ ТвГУ
041 a Код языка текста rus
080 a Индекс УДК 641.87:663.95(083.12)
084 a Индекс другой классификации/Индекс ББК Л991
a Индекс другой классификации/Индекс ББК Л983
090 x Авторский знак И24
a Полочн. индекс Л991
100 1_ a Автор Ивашкевич Наталья Павловна
245 00 a Заглавие Искусство чайного стола
c Ответственность Н. П. Ивашкевич, Л. Н. Засурина
260 0_ a Место издания Л.
b Издательство Лениздат
c Дата издания 1990
300 a Объем 107,[2] с.
b Иллюстрации/ тип воспроизводства [8] л. ил.
c Размеры 20 см
650 a Основная рубрика Чай
650 a Основная рубрика Чаепитие
653 a Ключевые слова Приготовление отдельных блюд
700 1_ a Другие авторы Засурина Лидия Николаевна
e Роль лиц авт.
852 t Порядковый номер экземпляра 1
p Инвентарный номер 611822
852 t Порядковый номер экземпляра 1
p Инвентарный номер 611823
999 a Подразделение 2 *
a Подразделение 2 ч.з.